000 00743nam a22001817a 4500
999 _c217375
_d217375
008 201130b ||||| |||| 00| 0 eng d
040 _bger
_cDE-2950
_erda
_aDE-2950
041 _ager
100 _aMahlke, Lisa:
245 _aRückkehr in den Bienenstock.
_bPandemie: Die Grundschüler sind nach der Pause wieder zurück in den Schulen in Frankfurt - als ganze Klasse, nicht nur im Wechselunterricht /
_cLisa Mahlke ; René Matschkowiak
653 _aFrankfurt (Oder)
653 _aGrundschule
773 _dFrankfurt (Oder): Märkisches Verlags- und Druckhaus GmbH & Co KG
_g32. Jahrgang (2021) Nr. 125 vom 02.06.2021, S. 15
_tMärkische Oderzeitung
942 _cA